| 000 | 01255cad a22002055 4500 | ||
|---|---|---|---|
| 001 | ##L136597 | ||
| 008 | 070212e20070207xxk g 000 0 eng d | ||
| 035 | _a(Sirsi) u136597 | ||
| 041 | 0 | _aeng | |
| 110 | 1 |
_aLondon _bGreater London Authority _93989 |
|
| 245 | 0 | 0 |
_aDesign for London will help shape capital's future _h[electronic resource] |
| 260 | _c2007 | ||
| 490 | 0 |
_aGLA Press Release _v(073) 7 February 2007 |
|
| 520 | _aA new architecture and urban design unit has been set up to support the delivery of high quality, sustainable and accessible design throughout London's built environment. Based at Palestra, Southwark, Design for London will review the design of major development schemes, create a portfolio of major projects with exemplar design, lead the urban design input in preparing Opportunity Area Planning Frameworks in London's Thames Gateway, and influence relevant bodies in design and development sectors to improve the quality of urban design. | ||
| 610 | 2 | 4 |
_aLondon _bDesign for London |
| 651 | 4 | _aLONDON | |
| 690 | _aBUILT ENVIRONMENT-CONSTRUCTION DESIGN-ARCHITECTURAL DESIGN | ||
| 856 | 4 | 0 |
_uhttps://www.london.gov.uk/view_press_release.jsp?releaseid=10770 _zView the item free of charge at www.london.gov.uk... |
| 942 | _n0 | ||
| 999 |
_c78363 _d78363 |
||